[Rezension von: Winfried Bühler, Europa]
Saved in:
| Published in: | Bonner Jahrbücher des Rheinischen Landesmuseums in Bonn und des Rheinischen Amtes für Bodendenkmalpflege im Landschaftsverband Rheinland und des Vereins von Altertumsfreunden im Rheinlande 169(1969), Seite 558-559 |
|---|---|
| Main Author: | |
| Document Type: | Online Resource Article |
| Language: | German |
| Published: |
Kevelaer, Rhld.
: Verlag Butzon & Berker
, 1969
|
| Subjects: | |
| Online Access: | kostenfrei kostenfrei |
| Related Items: | Enthalten in:
Bonner Jahrbücher des Rheinischen Landesmuseums in Bonn und des Rheinischen Amtes für Bodendenkmalpflege im Landschaftsverband Rheinland und des Vereins von Altertumsfreunden im Rheinlande Rezension von: Europa |
| Author Notes: | O. Lendle, Saarbrücken |
| LEADER | 02795caa a2200529 c 4500 | ||
|---|---|---|---|
| 001 | 1771333014 | ||
| 003 | DE-627 | ||
| 005 | 20240423114906.0 | ||
| 007 | cr cn 008aaaaa | ||
| 008 | 210921s1969 xx |||||oo 00| ||ger c | ||
| 024 | 7 | |a 10.11588/bjb.1969.1.83167 |2 doi | |
| 035 | |a (DE-627)1771333014 | ||
| 035 | |a (DE-599)KXP1771333014 | ||
| 035 | |a (OCoLC)1295776835 | ||
| 040 | |a DE-627 |b ger |c DE-627 |e rda | ||
| 041 | |a ger | ||
| 084 | |a ALT-KA |q DE-16 |2 fid | ||
| 100 | 1 | |a Lendle, Otto |d 1926-1999 |e VerfasserIn |0 (DE-588)105042609 |0 (DE-627)538673311 |0 (DE-576)161956548 |4 aut | |
| 245 | 1 | 0 | |a [Rezension von: Winfried Bühler, Europa] |c O. Lendle, Saarbrücken |
| 264 | 1 | |a Kevelaer, Rhld. |b Verlag Butzon & Berker |c 1969 | |
| 336 | |a Text |b txt |2 rdacontent | ||
| 337 | |a Computermedien |b c |2 rdamedia | ||
| 338 | |a Online-Ressource |b cr |2 rdacarrier | ||
| 500 | |a Elektronische Reproduktion der Druckausgabe | ||
| 533 | |a Online-Ausgabe |b Heidelberg |c Propylaeum |d 2021 |7 |2021|||||||||| | ||
| 655 | 7 | |a Rezension |0 (DE-588)4049712-4 |0 (DE-627)106186019 |0 (DE-576)209083166 |2 gnd-content | |
| 689 | 0 | 0 | |d p |0 (DE-588)118531409 |0 (DE-627)694778087 |0 (DE-576)208913084 |a Europa |c Fiktive Gestalt |2 gnd |
| 689 | 0 | 1 | |d s |0 (DE-588)4114333-4 |0 (DE-627)105822957 |0 (DE-576)209483733 |a Kunst |2 gnd |
| 689 | 0 | 2 | |d s |0 (DE-588)4125698-0 |0 (DE-627)104470348 |0 (DE-576)209578750 |a Kultur |2 gnd |
| 689 | 0 | 3 | |d s |0 (DE-588)4026535-3 |0 (DE-627)104675268 |0 (DE-576)208966870 |a Ikonografie |2 gnd |
| 689 | 0 | 4 | |a z |2 gnd |a Geschichte 800 v. Chr.-500 |
| 689 | 0 | |5 (DE-627) | |
| 773 | 0 | 8 | |i Enthalten in |a Rheinisches Landesmuseum Bonn |t Bonner Jahrbücher des Rheinischen Landesmuseums in Bonn und des Rheinischen Amtes für Bodendenkmalpflege im Landschaftsverband Rheinland und des Vereins von Altertumsfreunden im Rheinlande |d Mainz : von Zabern, 2016 |g 169(1969), Seite 558-559 |h Online-Ressource |w (DE-627)859177904 |w (DE-600)2855591-0 |w (DE-576)469558075 |x 2509-6265 |7 nnas |
| 773 | 1 | 8 | |g volume:169 |g year:1969 |g pages:558-559 |
| 787 | 0 | 8 | |i Rezension von |a Bühler, Winfried, 1929 - 2010 |t Europa |d München : Fink, 1968 |h 84 S. |w (DE-627)1070849510 |w (DE-576)000849510 |
| 856 | 4 | 0 | |u https://doi.org/10.11588/bjb.1969.1.83167 |x Verlag |x Resolving-System |z kostenfrei |3 Volltext |7 0 |
| 856 | 4 | 0 | |u https://journals.ub.uni-heidelberg.de/index.php/bjb/article/view/83167 |x Verlag |z kostenfrei |3 Volltext |7 0 |
| 951 | |a AR | ||
| 994 | |u https://journals.ub.uni-heidelberg.de/index.php/bjb/article/view/83167/77376 | ||
| 994 | |u https://journals.ub.uni-heidelberg.de/index.php/bjb/article/view/83167/77376 | ||
| 990 | |a Europa <Fiktive Gestalt> | ||
| 990 | |a Kunst | ||
| 990 | |a Kultur | ||
| 990 | |a Ikonografie | ||
| 990 | |a Geschichte 800 v. Chr.-500 | ||
| 991 | |a Rezension (Monographie, Zeitschrift, Aufsatz) | ||
| 999 | |a KXP-PPN1771333014 |e 497731722X | ||


